000 01648nam a2200349 c 4500
003 BLK
005 20180420222919.0
008 180408b bul|||||r ||||||| ||bul||
010 _aKNG00064062000
040 _aBLK
041 _aBUL
_cBUL
080 _aПодемно-транспортно оборудване в цялост. Вж и 621.87; 625.08; 625.1/.5; 625.5; 629.1; 658.286.2
_b621.86
_x(075.8)
_z621.86(075.8)
100 1 _aКоларов, Иван Г.
_eпърви автор
_9289426
700 1 _aПроданов, Михаил Н.
_eсъавт.
_9289427
700 1 _aКараиванов, Петко Д.
_eсъавт.
_9289428
139 _aКоларов, Иван Г. и др.
_bК77И
245 1 0 _aПроектиране на товароподемни машини
_bУчебник за студентите от машиностроит. спец. на ВТУЗ
_cИван Г. Коларов; съавт. Михаил Н. Проданов; съавт. Петко Д. Караиванов.
257 _aBGR
260 София
_bТехника
_c1986
_fЯмбол : печ. Г. Димитров
300 _a292 с.
_bсх., табл., диагр.
_c25 см
380 _a62
500 _a5 088 тир. - Библиогр. с. 289
650 4 _aПодемно-транспортни машини - учебници за ВУЗ
_9254335
653 _aподемно-транспортни машини
653 _aучебници
653 _aпроектиране
852 _aЦб 143276
856 4 _qpdf
_u
856 4 _qpdf
_u
942 _cKNG
_n0
944 _aCR
_c13.06.2004
_kЧиталня
944 _aED
_c21.08.2015
_kВаля_Йорданова
999 _c59935
_d59935